<?xml version="1.0" encoding="UTF-8"?>
<marc:record xmlns:marc="http://www.loc.gov/MARC21/slim">
   <marc:leader>00000nam a2200000 a 4500</marc:leader>
   <marc:datafield ind1=" " ind2=" " tag="653">
      <marc:subfield code="a">DVD</marc:subfield>
   </marc:datafield>
   <marc:datafield ind1=" " ind2=" " tag="653">
      <marc:subfield code="a">Familie</marc:subfield>
   </marc:datafield>
   <marc:datafield ind1=" " ind2=" " tag="653">
      <marc:subfield code="a">Schwester</marc:subfield>
   </marc:datafield>
   <marc:datafield ind1=" " ind2=" " tag="653">
      <marc:subfield code="a">Depression</marc:subfield>
   </marc:datafield>
   <marc:datafield ind1=" " ind2=" " tag="653">
      <marc:subfield code="a">Apokalypse</marc:subfield>
   </marc:datafield>
   <marc:datafield ind1=" " ind2=" " tag="653">
      <marc:subfield code="a">Hochzeit</marc:subfield>
   </marc:datafield>
   <marc:datafield ind1="0" ind2="0" tag="245">
      <marc:subfield code="a">Melancholia</marc:subfield>
   </marc:datafield>
   <marc:datafield ind1=" " ind2="1" tag="264">
      <marc:subfield code="c">2012</marc:subfield>
   </marc:datafield>
   <marc:datafield ind1="1" ind2=" " tag="520">
      <marc:subfield code="a">Justine feiert ihre Hochzeit im Landhaus ihrer älteren Schwester Claire. Kein schönes Fest: Erst bleibt die Stretch-Limo mit den Eheleuten stecken, die Mutter entpuppt sich als Furie, der Vater als Lustmolch, der Schwiegervater als korrupter Machtmensch, der stinkreiche Schwager als aufbrausendes Arschloch. Justine gibt sich auf dem Golfplatz einem Fremden hin. Claire versucht, Justine aus ihrer Depression zu befreien. Während der Planet Melancholia auf die Erde zurast und die Panik wächst, finden die Schwestern zueinander.</marc:subfield>
   </marc:datafield>
   <marc:datafield ind1="3" ind2=" " tag="024">
      <marc:subfield code="a">4010324028778</marc:subfield>
   </marc:datafield>
</marc:record>
